000 01361nam0a22003011 4500
001 rc\4037481
005 20260406205752.0
021 _aRU
_b[52-39876]
035 _a(NLR Aleph) 008096707
090 _a9218054
_c9218054
100 _a20130415d1952 |||y0rusy50 ca
101 0 _arus
102 _aRU
105 _aa z |||||
200 1 _aЛитье магниевых сплавов
_e(По материалам конференции ВНИТО литейщиков)
_eСборник статей
_fПод общ. ред. С.М. Воронова и М.Я. Телис
_gВсесоюз. науч. инж.-техн. о-во литейщиков
210 _aМосква
_cОборонгиз
_d1952
215 _a279 с., 3 л. ил.
_cил.
_d23
320 _aБиблиогр. в конце статей
606 _aМагниевые сплавы
_xЛитье
_2psbo
702 1 _4340
_7ca
_8rus
_aВоронов
_bС. М.
_cд-р техн. наук, металлург
_f1899-1953
_gСавватий Михайлович
_92641424
_3RU\NLR\AUTH\770272977
702 1 _aТелис
_bМ.Я.
_4340
712 0 2 _aВсесоюзное науч. инж.-техн. о-во литейщиков
_3RU\NLR\AUTH\889966444
_9429227
801 0 _aRU
_bNLR
_gpsbo
801 1 _aRU
_bELAR
_2rusmarc
852 _aNLR
_jТ36 Г-5/888
942 _cBOOK
980 _aNB